00250nam a2200097Ia 4500008004000000082001500040100001800055245003100073260004000104300000800144210210b1986 xxu||||| |||| 00| 0 eng d a027.7 LYLC aLYLE (Guy R). aCollege Library Publicity. aNDbReliance Publishing Housec1986 a113